Philosophes français.es par image - Statistiques

Statistiques générales
  • Ce quiz a été pris 181 fois
  • Le résultat moyen est 8 sur 16
Statistiques - réponses
Par images Réponse % Correct
Jean-Paul Sartre
88%
Voltaire
87%
Jean-Jacques Rousseau
85%
René Descartes
81%
Simone de Beauvoir
80%
Albert Camus
74%
Montesquieu
60%
Simone Weil
60%
Michel Foucault
43%
Blaise Pascal
42%
Henri Bergson
36%
Élisabeth Badinter
21%
Auguste Comte
17%
Gilles Deleuze
15%
Étienne de la Boétie
13%
Élisabeth de Fontenay
1%
Aucun quiz correspondant
Distribution des résultats
% des personnes avec chaque résultat
Percentile par nombre de réponses
Votre historique - résultats
Vous n’avez pas pris ce quiz